Konceptuální analýza ontologické bezpečnosti

Pôvod konceptu ontologickej bezpečnosti. Vymedzenie pojmu ontologická bezpečnosť v medzinárodných vzťahoch. Dosiahnutie ontologickej bezpečnosti. Prejavy ontologickej bezpečnosti/neistoty. Konceptuálna analýza ontologickej bezpečnosti.

Salvato in:
Dettagli Bibliografici
Autore principale: Varkočková, Martina
Natura: Capitolo di libro
Lingua:ceco
Soggetti:
Tags: Aggiungi Tag
Nessun Tag, puoi essere il primo ad aggiungerne!!

MARC

LEADER 00000naa a2200000 4500
001 0165077
005 20231208075458.0
041 0 |a cze 
044 |a CZ 
245 1 0 |a Konceptuální analýza ontologické bezpečnosti  |c Martina Varkočková 
520 |a Pôvod konceptu ontologickej bezpečnosti. Vymedzenie pojmu ontologická bezpečnosť v medzinárodných vzťahoch. Dosiahnutie ontologickej bezpečnosti. Prejavy ontologickej bezpečnosti/neistoty. Konceptuálna analýza ontologickej bezpečnosti. 
610 2 0 |a bezpečnosť 
610 2 0 |a bezpečnosť medzinárodná 
610 2 0 |a vzťahy medzinárodné 
610 2 0 |a politika medzinárodná 
610 2 0 |a svet 
100 1 |a Varkočková, Martina